000
00345pab a2200145 454500
008
180718b1989 xxu||||| |||| 00| 0 eng d
100
_a
Taylor, M.
245
_a
Undegraduate programmes in police studies
260
_c
1989
300
_a
128-41
362
_a
Apr.-Jun.
650
_a
Police - U.K.
773
_a
Police Journal
909
_a
15191
999
_c
15191
_d
15191